|
|
|
|
| LEADER |
00000nam0a2200000 4500 |
| 001 |
58313 |
| 005 |
20231031055019.0 |
| 035 |
|
|
|a (RuTPU)RU\TPU\book\61570
|
| 035 |
|
|
|a RU\TPU\book\61569
|
| 090 |
|
|
|a 58313
|
| 100 |
|
|
|a 20031127d1968 km y0rusy50 ca
|
| 101 |
0 |
|
|a rus
|
| 102 |
|
|
|a RU
|
| 105 |
|
|
|a a g 001zy
|
| 200 |
1 |
|
|a Справочник по малым холодильным машинам и установкам
|e Справочник
|f И. Х. Зеликовский, Л. Г. Каплан
|
| 210 |
|
|
|a Москва
|c Пищевая промышленность
|d 1968
|
| 215 |
|
|
|a 320 с.
|c черт.
|
| 320 |
|
|
|a Библиогр.: с. 317
|
| 610 |
1 |
|
|a холодильные машины
|
| 610 |
1 |
|
|a холодильные установки
|
| 610 |
1 |
|
|a справочники
|
| 610 |
1 |
|
|a масла
|
| 610 |
1 |
|
|a компрессоры
|
| 610 |
1 |
|
|a конденсаторы
|
| 610 |
1 |
|
|a агрегаты
|
| 610 |
1 |
|
|a электрооборудование
|
| 610 |
1 |
|
|a испарители
|
| 610 |
1 |
|
|a охладители
|
| 610 |
1 |
|
|a теплообменники
|
| 610 |
1 |
|
|a холодильные машины
|
| 610 |
1 |
|
|a холодильные установки
|
| 610 |
1 |
|
|a холодильные камеры
|
| 610 |
1 |
|
|a техническое обслуживание
|
| 610 |
1 |
|
|a ремонт
|
| 610 |
1 |
|
|a справочники
|
| 675 |
|
|
|a 621.57(035)
|v 3
|
| 700 |
|
1 |
|a Зеликовский
|b И. Х.
|g Илья Хаимович
|
| 701 |
|
1 |
|a Каплан
|b Л. Г.
|g Леонид Гдалевич
|
| 801 |
|
1 |
|a RU
|b 63413507
|c 20031127
|g PSBO
|
| 801 |
|
2 |
|a RU
|b 63413507
|c 20150629
|g PSBO
|
| 942 |
|
|
|c BK
|